000 01478naa a22003737a 4500
001 BR8205316
003 BR-BrBNA
005 20240918175155.0
007 ta
008 230509b bl.||||| |||| 00| 0 por d
040 _aBR-BrBNA
_bpor
_cBiblioteca Nacional de Agricultura
041 _a(Pt)
072 _aF00
_b0334
_b3575
_bG514
090 _aF00 BR8205316
100 1 _aAbrao, J.R.
100 1 _aCanal, I.N.
100 1 _aBonetti, L.P.
100 1 _aTragnago, J.L.
100 1 _aIorczeski, E.J.
111 1 _aReuniao Anual de Programacao de Pesquisa e de Assistencia Tecnica da Cultura da Colza
_cPorto Alegre, RS (Brazil)
_d29-31 Mar 1982
245 1 _aRevestimento de sementes em colza (Brassica napus L. var. Oleifera Metzg.)[Rio Grande do Sul, Brasil]
260 3 _aCruz Alta, RS (Brasil):
_c1982.
500 _aContribuicao do Centro de Experimentacao e Pesquisa a Reuniao Anual de Programacao de Pesquisa e de Assistencia Tecnica da Colza - 1982 Cruz Alta, RS (Brasil): 1982. p. 36-40 (BR8205316-AM)F00
650 _aCOLZA
650 _aSEMENTE
650 _aPELETIZACAO
650 _aNPK
650 _aFUNGICIDA
650 _aRENDIMENTO
650 _aRIO GRANDE DO SUL
773 0 _tContribuicao do Centro de Experimentacao e Pesquisa a Reuniao Anual de Programacao de Pesquisa e de Assistencia Tecnica da Colza - 1982
_wF00 BR8205316
_gCruz Alta, RS (Brasil), 1982. p. 36-40
909 _a202404
_bLucia
_c55
_dLucia Elande
942 _cAM
_2AGRIS
999 _c315392
_d315392